| 000 | 00598cam a2200217ua 4500 | ||
|---|---|---|---|
| 001 | 6438 | ||
| 008 | 131207n ii |||gr||||Z||||||eng | ||
| 020 | _a978-81-272-3954-1 | ||
| 040 | _cMAIN | ||
| 082 | _a658 | ||
| 245 |
_aSecurity analysis and portfolio management _cBy Inderpal singh |
||
| 260 |
_aLudhiana: _bKalyani publishers, _c2007. |
||
| 300 | _ax,36.16p. | ||
| 653 | _aCommerce | ||
| 653 | _aSecurity analysis | ||
| 700 |
_aSingh,Inderpal, _eAuthor., |
||
| 700 | 1 |
_aKaushal,Vijay, _eAuthor. |
|
| 700 | 1 |
_aKaur,Jaswinder, _eAuthor. |
|
| 700 | 1 |
_aBhatia,Raminder, _eAuthor. |
|
| 942 | _cBK | ||
| 999 |
_c5587 _d5587 |
||